000 00694nam a2200265Ia 4500
003 OSt
005 20221005081923.0
006 a|||||r|||| 00| 0
007 ta
008 221004b |||||||| |||| 00| 0 eng d
020 _a0803977182
024 _a18526
037 _cTextual
040 _aCRL
_cCRL
_beng
041 _2eng
_aeng
082 _aSigma:f, N5
100 _aHammersley Martyn
245 0 _aPolitics of Social Research
260 _aNew Delhi
_bSage Publications India
_c1985
300 _a186 p.
_ccm.
650 _a RESEARCH METHODS
650 _aSOCIAL SCIENCES
942 _hSigma:f, N5
_cTEXL
_2cc
999 _c988479
_d988479